[Event "XII Open A"]
[Site "Bergamo ITA"]
[Date "2013.07.20"]
[Round "4"]
[White "De Palma, Fabrizio"]
[Black "Simonetto, Adriano"]
[WhiteElo "2136"]
[BlackElo "2026"]
[Result "1-0"]
[PlyCount "79"]
[EventDate "2013.07.19"]

1. c4 e6 2. Nf3 d5 3. b3 c5 4. g3 b6 5. Bg2 Bb7 6. O-O Nf6 7. e3 Bd6 8. Bb2
Nbd7 9. Nc3 O-O 10. cxd5 Nxd5 11. Nxd5 Bxd5 12. d4 Qe7 13. Re1 Nf6 14. Rc1 Rac8
15. Nd2 Bxg2 16. Kxg2 cxd4 17. Bxd4 e5 18. Bb2 Bb4 19. Re2 Rfd8 20. Rxc8 Rxc8
21. Nc4 e4 22. Rc2 Rd8 23. Qe2 Qe6 24. Ne5 Bc5 25. b4 Bd6 26. Nc6 Re8 27. b5
Ng4 28. h3 Ne5 29. Bxe5 Bxe5 30. Nxa7 g6 31. Nc6 Bd6 32. Nd4 Qe5 33. a4 h5 34.
Nc6 Qa1 35. Rc4 Ra8 36. Qc2 f5 37. Rd4 Bc5 38. Rd8+ Rxd8 39. Nxd8 Qf6 40. Qc4+
1-0

[Event "XII Open A"]
[Site "Bergamo ITA"]
[Date "2013.07.20"]
[Round "4"]
[White "Ganci, Stefano"]
[Black "Elitropi, Giorgio"]
[WhiteElo "1947"]
[BlackElo "2005"]
[Result "1-0"]
[PlyCount "91"]
[EventDate "2013.07.19"]

1. b4 e6 2. Bb2 f5 3. e3 Nf6 4. b5 d5 5. c4 c6 6. a4 Be7 7. Nf3 O-O 8. Be2 a6
9. Nc3 Ne4 10. d3 Nxc3 11. Bxc3 Bd7 12. O-O Be8 13. Ne5 Bd6 14. Qb3 Qc7 15. f4
axb5 16. axb5 Rxa1 17. Rxa1 cxb5 18. cxd5 exd5 19. Bf3 Kh8 20. Bxd5 Na6 21. d4
h6 22. Bd2 Kh7 23. Rc1 Qe7 24. Be1 g5 25. h3 Kg7 26. Bc3 Kh7 27. Qc2 Kg7 28.
Qe2 Kh7 29. Qf3 Bxe5 30. fxe5 Qa3 31. Qd1 b4 32. Bd2 Qa5 33. Bxb7 Qb5 34. Bxa6
Qxa6 35. Bxb4 Rf7 36. Ra1 Qb7 37. Bc5 Qe4 38. Qf3 Qc2 39. Ra8 g4 40. Qf2 Qb1+
41. Qf1 Qxf1+ 42. Kxf1 Bc6 43. Rc8 Bd5 44. Rd8 Be4 45. e6 Rb7 46. Rd7+ 1-0

[Event "XII Open A"]
[Site "Bergamo ITA"]
[Date "2013.07.20"]
[Round "4"]
[White "Georgiev, Kiril D."]
[Black "Brunello, Sabino"]
[WhiteElo "2636"]
[BlackElo "2593"]
[Result "1/2-1/2"]
[PlyCount "79"]
[EventDate "2013.07.19"]

1. Nf3 d5 2. d4 Nf6 3. c4 c6 4. e3 Bg4 5. Nc3 e6 6. Qb3 Qc7 7. Nh4 Bh5 8. h3 g5
9. Nf3 h6 10. g4 Bg6 11. Ne5 Bh7 12. cxd5 exd5 13. Bg2 Nbd7 14. f4 Qb6 15. Qd1
Nxe5 16. fxe5 Nd7 17. O-O Bg7 18. Qa4 Rd8 19. Ne2 f6 20. Ng3 fxe5 21. Nh5 Rg8
22. Nxg7+ Rxg7 23. Qa3 Qc7 24. Bd2 Rf7 25. Qxa7 Qb8 26. Qa3 Nf6 27. Bc3 exd4
28. Bxd4 Qd6 29. Qc3 Ne4 30. Bxe4 Bxe4 31. Be5 Qe7 32. Rxf7 Kxf7 33. Rf1+ Kg8
34. Rf6 Kh7 35. Rf2 Rf8 36. Bf6 Qd6 37. Be5 Qe7 38. Bf6 Qd6 39. Be5 Qe7 40. Bf6
1/2-1/2

[Event "XII Open A"]
[Site "Bergamo ITA"]
[Date "2013.07.20"]
[Round "4"]
[White "Granaldi, Alessandro"]
[Black "Gagliardi, Christian"]
[WhiteElo "2114"]
[BlackElo "2215"]
[Result "0-1"]
[PlyCount "101"]
[EventDate "2013.07.19"]

1. d4 g6 2. e4 Bg7 3. Nc3 d6 4. g3 c6 5. Bg2 Nd7 6. a4 Qc7 7. Nge2 e5 8. Be3
Ngf6 9. h3 O-O 10. O-O Re8 11. g4 h5 12. g5 Nh7 13. f4 exf4 14. Bxf4 a6 15. Qe1
Ndf8 16. Qg3 Qb6 17. a5 Bxd4+ 18. Kh1 Qa7 19. Bxd6 Bc5 20. Be5 Be3 21. Na4 h4
22. Qh2 Nxg5 23. Ra3 Nfh7 24. Bc7 Be6 25. Nb6 Bc5 26. Raa1 Rad8 27. Qf4 Be7 28.
Rad1 Rxd1 29. Rxd1 Nxh3 30. Bxh3 Bxh3 31. c3 Ng5 32. Qxh4 Ne6 33. Qxh3 Nxc7 34.
Rd7 Ne6 35. Qg3 Bc5 36. Qf3 Rf8 37. Na4 Qb8 38. b4 Bd6 39. Nb6 Bc7 40. Nd4 Ng5
41. Qg4 Bf4 42. Ne2 Ne6 43. Nxf4 Nxf4 44. Qg5 Kg7 45. Qg4 Qe5 46. Rd4 Rh8+ 47.
Kg1 Ne6 48. Rd2 Qxc3 49. Rf2 Qe1+ 50. Rf1 Qe3+ 51. Kg2 0-1

[Event "XII Open A"]
[Site "Bergamo ITA"]
[Date "2013.07.20"]
[Round "4"]
[White "Hera, Imre jr"]
[Black "Solodovnichenko, Yuri"]
[WhiteElo "2558"]
[BlackElo "2555"]
[Result "1/2-1/2"]
[PlyCount "29"]
[EventDate "2013.07.19"]

1. c4 c5 2. g3 g6 3. Bg2 Bg7 4. Nc3 Nc6 5. Nf3 e6 6. d4 Nxd4 7. Nxd4 cxd4 8.
Nb5 Qb6 9. e3 Ne7 10. O-O d5 11. Nxd4 O-O 12. cxd5 Nxd5 13. Qb3 Bd7 14. Qxb6
axb6 15. Bxd5 1/2-1/2

[Event "XII Open A"]
[Site "Bergamo ITA"]
[Date "2013.07.20"]
[Round "4"]
[White "Migliorini, Matteo"]
[Black "Giretti Kanev, Jasen"]
[WhiteElo "2006"]
[BlackElo "2191"]
[Result "1-0"]
[PlyCount "83"]
[EventDate "2013.07.19"]

1. e4 c6 2. d4 d5 3. e5 Bf5 4. Nf3 e6 5. Be2 Nd7 6. O-O Ne7 7. b3 Bg4 8. c4 Nf5
9. cxd5 cxd5 10. Bb2 Bb4 11. Nbd2 O-O 12. h3 Bxf3 13. Nxf3 Rc8 14. Qd3 a6 15.
Rac1 Qe7 16. Rc2 Nb8 17. Rfc1 Rc6 18. Rxc6 Nxc6 19. Qb1 Nh4 20. Qd3 h6 21. Nxh4
Qxh4 22. Qe3 Ra8 23. Bd3 Be7 24. g4 Bd8 25. Ba3 h5 26. Be2 g6 27. Kg2 Kg7 28.
Rd1 Bb6 29. Bc5 Bxc5 30. dxc5 hxg4 31. Bxg4 Rd8 32. f4 Qe7 33. a3 a5 34. Rc1
Qc7 35. Qd2 Ra8 36. h4 Qe7 37. h5 Qh4 38. Bf3 gxh5 39. Rh1 Qe7 40. Rxh5 Qxc5
41. f5 Nxe5 42. Qh6+ 1-0

[Event "XII Open A"]
[Site "Bergamo ITA"]
[Date "2013.07.20"]
[Round "4"]
[White "Molina, Fabrizio"]
[Black "Campini, Marco"]
[WhiteElo "2248"]
[BlackElo "2072"]
[Result "1-0"]
[PlyCount "119"]
[EventDate "2013.07.19"]

1. c4 c5 2. Nf3 Nc6 3. g3 g6 4. Bg2 Bg7 5. Nc3 d6 6. O-O Nf6 7. b3 O-O 8. Bb2
Bg4 9. h3 Bd7 10. Rc1 Ne8 11. e3 Bh6 12. Qe2 e5 13. Rcd1 f5 14. Nd5 Nc7 15. Ne1
Ne6 16. f4 Bg7 17. d3 a5 18. Bc3 Rb8 19. Nc2 Nb4 20. a3 Nxc2 21. Qxc2 Bc6 22.
Qd2 Ra8 23. Qb2 Rf7 24. fxe5 dxe5 25. Bxe5 Qg5 26. Bxg7 Nxg7 27. Kh2 Nh5 28.
Qf2 Raf8 29. Bf3 Ng7 30. Nf4 Qe7 31. Bd5 Bxd5 32. Nxd5 Qd8 33. b4 Ne6 34. Rb1
Nc7 35. bxc5 Nxd5 36. cxd5 Qxd5 37. d4 Re8 38. Rfc1 Rfe7 39. Rc3 a4 40. Rb4 g5
41. Qg2 Re4 42. Rb6 Qd7 43. Qa2+ Kh8 44. d5 f4 45. gxf4 gxf4 46. Qb2 f3 47.
Rc4+ R4e5 48. Re6 R8xe6 49. dxe6 Qg7 50. Rg4 Rg5 51. Qxg7+ Rxg7 52. Rxg7 Kxg7
53. Kg3 Kf6 54. Kxf3 Kxe6 55. Ke4 h6 56. Kd4 h5 57. e4 h4 58. e5 Ke7 59. Kd5
Kd7 60. e6+ 1-0

[Event "XII Open A"]
[Site "Bergamo ITA"]
[Date "2013.07.20"]
[Round "4"]
[White "Movileanu, Daniela"]
[Black "Ficco, Corrado"]
[WhiteElo "2030"]
[BlackElo "2092"]
[Result "1-0"]
[PlyCount "117"]
[EventDate "2013.07.19"]

1. e4 g6 2. d4 Bg7 3. Nc3 a6 4. a4 d6 5. Nf3 e6 6. Be2 Ne7 7. Be3 Nd7 8. O-O b6
9. Nd2 O-O 10. f4 Bb7 11. Bd3 f5 12. e5 d5 13. a5 c5 14. Nf3 h6 15. Qe1 c4 16.
Be2 b5 17. h4 Qe8 18. h5 Bc6 19. Nh4 gxh5 20. Qd1 Qd8 21. Bxh5 Nb8 22. g4 Be8
23. g5 Kh7 24. Rf2 Bxh5 25. Qxh5 Qe8 26. Qf3 Nbc6 27. Ne2 Ng6 28. Nxg6 Qxg6 29.
Rg2 h5 30. Rh2 Kg8 31. Rh4 Kf7 32. Bd2 Rh8 33. Kf2 Rh7 34. b3 cxb3 35. cxb3 Rc8
36. Rc1 Rhh8 37. Qd3 Ke7 38. Ng3 Kd7 39. Rch1 Rh7 40. Be3 Kc7 41. Rc1 Kb7 42.
Qc2 Rhh8 43. Qd3 Nxa5 44. Ra1 Nc6 45. Ne2 Qf7 46. Bd2 Bf8 47. Nc3 Qc7 48. Rxa6
Kxa6 49. Nxb5 Qb8 50. Nd6+ Ka7 51. Nxc8+ Qxc8 52. Rh1 Kb8 53. Rc1 Qb7 54. b4
Rh7 55. b5 Na7 56. b6 Nc6 57. Qb5 Nd8 58. Ba5 h4 59. Rc7 1-0

[Event "XII Open A"]
[Site "Bergamo ITA"]
[Date "2013.07.20"]
[Round "4"]
[White "Napoli, Nicolo'"]
[Black "Montilli, Vincenzo"]
[WhiteElo "2291"]
[BlackElo "2015"]
[Result "1/2-1/2"]
[PlyCount "103"]
[EventDate "2013.07.19"]

1. d4 Nf6 2. Nf3 g6 3. g3 Bg7 4. Bg2 O-O 5. O-O d6 6. b3 Nbd7 7. Bb2 c5 8. c4
Rb8 9. Nc3 Ne8 10. Qd2 Nc7 11. Rfd1 a6 12. dxc5 dxc5 13. Bh3 e6 14. Ne4 Qe7 15.
Bxg7 Kxg7 16. Qc3+ f6 17. Rd6 Kg8 18. Rad1 f5 19. Neg5 h6 20. Rxd7 Bxd7 21. Ne5
Be8 22. Ngf3 Rd8 23. Re1 g5 24. Bg2 b6 25. Nd3 Bc6 26. Nfe5 Bxg2 27. Kxg2 Qg7
28. b4 cxb4 29. Qxb4 b5 30. Rc1 Kh7 31. a4 bxa4 32. Qxa4 Rd6 33. Rb1 Ne8 34. c5
Rd5 35. Qc6 Nc7 36. Rb7 Rc8 37. Nc4 Rd7 38. Nb6 Rcd8 39. Nxd7 Rxd7 40. Ne5 Re7
41. Qd6 a5 42. c6 Nd5 43. Rd7 a4 44. Kf1 g4 45. Kg2 a3 46. e4 a2 47. exd5 Rxd7
48. cxd7 a1=Q 49. d8=Q Qaxe5 50. Qxe6 Qxe6 51. dxe6 Qb7+ 52. Kg1 1/2-1/2

[Event "XII Open A"]
[Site "Bergamo ITA"]
[Date "2013.07.20"]
[Round "4"]
[White "Neuschmied, Siegfried"]
[Black "Srebrnic, Vojko"]
[WhiteElo "2243"]
[BlackElo "2184"]
[Result "1/2-1/2"]
[PlyCount "125"]
[EventDate "2013.07.19"]

1. e4 c5 2. Nf3 g6 3. d4 cxd4 4. Nxd4 Nc6 5. c4 Bg7 6. Be3 Nf6 7. Nc3 O-O 8.
Be2 d6 9. f3 Nxd4 10. Bxd4 Be6 11. Rc1 Nd7 12. b3 Bxd4 13. Qxd4 Qa5 14. O-O
Rfc8 15. Kh1 a6 16. f4 f6 17. f5 Bf7 18. fxg6 hxg6 19. Bg4 Rd8 20. Bxd7 Rxd7
21. Na4 Rc7 22. Rf3 Kg7 23. Nc3 Qe5 24. Qb6 Rh8 25. h3 Qc5 26. Qxc5 Rxc5 27. a4
Rhh5 28. Rd1 Rhe5 29. Rd4 a5 30. g4 g5 31. Nd1 Rc8 32. Kg2 Be6 33. Ne3 Kf7 34.
Kf2 Rh8 35. Nd1 Rc5 36. Kg2 Ke8 37. Nf2 Bd7 38. Rfd3 Kd8 39. Kg3 Kc7 40. Nd1
Kb6 41. Ne3 Be6 42. Nd5+ Bxd5 43. exd5 Rc7 44. Re4 Rh7 45. Kf2 Rd7 46. Rde3 Kc7
47. Ke2 Kd8 48. Rf3 Rc7 49. Ree3 Kd7 50. Kd3 Rc8 51. Ke4 Rh6 52. Kd4 Rh4 53.
Kc3 Rch8 54. b4 axb4+ 55. Kxb4 R4h7 56. Kb5 b6 57. Kb4 Ra8 58. Re2 Rc8 59. Rfe3
Rc7 60. Rf3 Ra7 61. Rb3 Ra8 62. Rbe3 Rf7 63. Re1 1/2-1/2

[Event "XII Open A"]
[Site "Bergamo ITA"]
[Date "2013.07.20"]
[Round "4"]
[White "Pilgaard, Kim"]
[Black "Godena, Michele"]
[WhiteElo "2403"]
[BlackElo "2524"]
[Result "1/2-1/2"]
[PlyCount "115"]
[EventDate "2013.07.19"]

1. e4 e5 2. Nf3 Nc6 3. Bc4 Bc5 4. c3 Nf6 5. d4 exd4 6. cxd4 Bb4+ 7. Bd2 Nxe4 8.
Bxb4 Nxb4 9. Bxf7+ Kxf7 10. Qb3+ Kf8 11. Qxb4+ Qe7 12. Qxe7+ Kxe7 13. O-O Re8
14. Re1 Kf8 15. Ne5 Nf6 16. Nc3 d6 17. Nc4 Bd7 18. f3 b5 19. Ne3 c5 20. dxc5
dxc5 21. Kf2 Rad8 22. Rad1 Bc6 23. Ne2 Nd5 24. Nxd5 Rxd5 25. Rxd5 Bxd5 26. Nc3
Rxe1 27. Kxe1 Bc6 28. Kd2 Ke7 29. Kd3 Kd6 30. Ne4+ Kd5 31. Ng5 h6 32. Nh3 Bd7
33. Nf4+ Ke5 34. Ne2 Be6 35. Nc3 b4 36. Ne4 c4+ 37. Ke3 a5 38. h4 c3 39. bxc3
Bxa2 40. cxb4 axb4 41. Nd2 Bf7 42. g3 b3 43. Kd3 b2 44. Kc3 Bd5 45. f4+ Kf5 46.
Kxb2 Kg4 47. Nf1 Bg2 48. Ne3+ Kxg3 49. Nf5+ Kxf4 50. Nxg7 Bd5 51. Kc3 Ke5 52.
Nh5 Bf7 53. Ng3 Kf4 54. Nf1 h5 55. Kd4 Kg4 56. Ke3 Bc4 57. Kf2 Kxh4 58. Ng3
1/2-1/2

[Event "XII Open A"]
[Site "Bergamo ITA"]
[Date "2013.07.20"]
[Round "4"]
[White "Ranfagni, Stefano"]
[Black "Kupresakovic, Marko"]
[WhiteElo "2037"]
[BlackElo "1926"]
[Result "1/2-1/2"]
[PlyCount "87"]
[EventDate "2013.07.19"]

1. e4 e6 2. d4 d5 3. Nd2 c5 4. Ngf3 Nc6 5. exd5 Nxd4 6. Nxd4 cxd4 7. Nf3 Qxd5
8. Qxd4 Nf6 9. Bc4 Qxd4 10. Nxd4 Bd7 11. O-O Rc8 12. Bb3 Bc5 13. c3 O-O 14. Bf4
b5 15. Nf3 Nd5 16. Bxd5 exd5 17. Rad1 Be6 18. Ng5 b4 19. cxb4 Bxb4 20. a3 Ba5
21. Be3 Bb6 22. Rfe1 Bxe3 23. fxe3 Rc2 24. b4 Rfc8 25. Nxe6 fxe6 26. e4 Rd8 27.
exd5 exd5 28. Rd3 Kf7 29. Re5 d4 30. Re4 Rc4 31. Kf2 g5 32. h4 h6 33. h5 Rd6
34. Ke2 Re6 35. Rf3+ Rf6 36. Rxf6+ Kxf6 37. Kd3 Rc3+ 38. Kxd4 Rxa3 39. g4 Ra4
40. Kd5 a5 41. bxa5 Rxa5+ 42. Kd6 Ra6+ 43. Kd5 Rb6 44. Ra4 1/2-1/2

[Event "XII Open A"]
[Site "Bergamo ITA"]
[Date "2013.07.20"]
[Round "4"]
[White "Rota, Simone"]
[Black "Quaranta, Cristiano"]
[WhiteElo "2037"]
[BlackElo "2168"]
[Result "1/2-1/2"]
[PlyCount "66"]
[EventDate "2013.07.19"]

1. d4 Nf6 2. Nf3 c5 3. d5 b5 4. c4 Bb7 5. e3 bxc4 6. Bxc4 d6 7. O-O g6 8. Nc3
Bg7 9. a4 O-O 10. Qe2 Qc8 11. Rd1 Na6 12. e4 Nc7 13. h3 Rd8 14. Bg5 Rb8 15. Nb5
a6 16. Nc3 Ba8 17. a5 h6 18. Bc1 Nd7 19. Ra2 Kh7 20. h4 Rb4 21. Na4 Rb8 22. Bf4
Nb5 23. Be3 Rh8 24. Qd2 f5 25. h5 fxe4 26. hxg6+ Kxg6 27. Nh4+ Kh7 28. Qc2 Nf6
29. Nb6 Qg4 30. g3 Kg8 31. Be2 Qh3 32. Bf1 Qg4 33. Be2 Qh3 1/2-1/2

[Event "XII Open A"]
[Site "Bergamo ITA"]
[Date "2013.07.20"]
[Round "4"]
[White "Siclari, Giovanni"]
[Black "Maurer, Jochen"]
[WhiteElo "2054"]
[BlackElo "2293"]
[Result "1-0"]
[PlyCount "111"]
[EventDate "2013.07.19"]

1. Nf3 Nf6 2. c4 e6 3. Nc3 Bb4 4. Qc2 Nc6 5. a3 Bxc3 6. Qxc3 O-O 7. e3 Re8 8.
b4 d6 9. Bb2 e5 10. d3 h6 11. Be2 Qe7 12. h3 Bf5 13. O-O Rad8 14. Rfe1 Nh7 15.
d4 f6 16. d5 Nb8 17. Nh4 Bc8 18. e4 Qf7 19. c5 Nd7 20. Bg4 Ndf8 21. Bxc8 Rxc8
22. Nf5 Rcd8 23. Rac1 Ng6 24. cxd6 cxd6 25. Qe3 Nf4 26. Rc4 Qg6 27. Qg3 Qxg3
28. fxg3 Nd3 29. Re2 g6 30. Nxh6+ Kg7 31. Ng4 Rc8 32. Rec2 Rxc4 33. Rxc4 Nxb2
34. Rc7+ Kf8 35. Rxh7 Re7 36. Rh8+ Kg7 37. Rc8 Rd7 38. Nf2 f5 39. exf5 gxf5 40.
g4 f4 41. Rc2 Na4 42. Ne4 Nb6 43. Rd2 Nc4 44. Rd3 b5 45. h4 Rc7 46. Rc3 Re7 47.
h5 Ne3 48. g5 Ng4 49. Rc6 Ne3 50. Rxd6 Rc7 51. h6+ Kf7 52. Nc5 Ng4 53. g6+ Ke7
54. Re6+ Kf8 55. h7 Kg7 56. Re8 1-0

[Event "XII Open A"]
[Site "Bergamo ITA"]
[Date "2013.07.20"]
[Round "4"]
[White "Ventura, Salvatore"]
[Black "Sgnaolin, Davide"]
[WhiteElo "2017"]
[BlackElo "2258"]
[Result "1/2-1/2"]
[PlyCount "66"]
[EventDate "2013.07.19"]

1. e4 c5 2. Nc3 Nc6 3. g3 g6 4. Bg2 Bg7 5. d3 d6 6. Be3 e6 7. Qd2 Nd4 8. Nd1 e5
9. c3 Ne6 10. Ne2 Ne7 11. Bh6 O-O 12. Bxg7 Kxg7 13. Ne3 f5 14. exf5 Nxf5 15.
Nxf5+ Rxf5 16. O-O Rb8 17. f4 exf4 18. Nxf4 Nxf4 19. Rxf4 Qg5 20. Raf1 Bd7 21.
d4 Bc6 22. d5 Bd7 23. Bh3 Rxf4 24. Rxf4 Qe7 25. Bxd7 Qxd7 26. c4 Qe7 27. Qc3+
Kg8 28. Qf6 Qxf6 29. Rxf6 b5 30. cxb5 Rxb5 31. b3 Rb6 32. Kf2 Ra6 33. Ke3 Rxa2
1/2-1/2

[Event "XII Open A"]
[Site "Bergamo ITA"]
[Date "2013.07.21"]
[Round "5"]
[White "Bonassi, Tommaso"]
[Black "Bargeri, Ludovico"]
[WhiteElo "1944"]
[BlackElo "2054"]
[Result "0-1"]
[PlyCount "50"]
[EventDate "2013.07.19"]

1. e4 e6 2. Nf3 d5 3. e5 c5 4. b4 c4 5. c3 Qc7 6. d4 cxd3 7. Bxd3 Nc6 8. Bf4
Nge7 9. Qe2 Ng6 10. Bg3 Be7 11. O-O Qd8 12. Nbd2 O-O 13. Nb3 f5 14. exf6 Rxf6
15. b5 Na5 16. Nxa5 Qxa5 17. c4 Bc5 18. Ne5 Bd4 19. Nxg6 hxg6 20. cxd5 exd5 21.
Qe8+ Kh7 22. Rac1 Qd2 23. Bb1 Bh3 24. Rcd1 Bxf2+ 25. Bxf2 Qg5 0-1

[Event "XII Open A"]
[Site "Bergamo ITA"]
[Date "2013.07.21"]
[Round "5"]
[White "Brunello, Sabino"]
[Black "Farago, Ivan"]
[WhiteElo "2593"]
[BlackElo "2447"]
[Result "1-0"]
[PlyCount "95"]
[EventDate "2013.07.19"]

1. c4 e5 2. g3 Nf6 3. Bg2 c6 4. Nf3 e4 5. Nd4 d5 6. cxd5 cxd5 7. d3 Bc5 8. Nb3
Bb4+ 9. Bd2 Qb6 10. O-O Bxd2 11. Qxd2 O-O 12. Nc3 Re8 13. dxe4 dxe4 14. Qd4 Nc6
15. Qxb6 axb6 16. Rfd1 Bf5 17. Nd4 Nxd4 18. Rxd4 Rad8 19. Rad1 Rxd4 20. Rxd4
Kf8 21. Rb4 Re6 22. f3 Nd7 23. fxe4 Bg4 24. h3 Bh5 25. Kf2 f6 26. e5 Nxe5 27.
Bxb7 Be8 28. Nd5 b5 29. Nc3 Rb6 30. Bg2 Ra6 31. a3 Ra5 32. Bf1 Nc4 33. e4 Nd6
34. Ke3 Ke7 35. Kd4 Ke6 36. h4 g6 37. Bh3+ Ke7 38. Nd5+ Kf7 39. e5 fxe5+ 40.
Kxe5 Nc4+ 41. Kd4 Ra8 42. Bf1 Nd6 43. Nc7 Nf5+ 44. Ke5 Rc8 45. Nxe8 Rxe8+ 46.
Kf4 Ne3 47. Bxb5 Nd5+ 48. Kf3 1-0

[Event "XII Open A"]
[Site "Bergamo ITA"]
[Date "2013.07.21"]
[Round "5"]
[White "Campini, Marco"]
[Black "Bardone, Lorenzo"]
[WhiteElo "2072"]
[BlackElo "1988"]
[Result "1-0"]
[PlyCount "120"]
[EventDate "2013.07.19"]

1. e4 c5 2. Nc3 Nc6 3. f4 e6 4. Nf3 d5 5. d3 Nf6 6. Bd2 Be7 7. Be2 O-O 8. O-O
d4 9. Nb1 b6 10. Qe1 Ba6 11. b3 b5 12. a4 bxa4 13. Rxa4 Bb5 14. Ra1 a5 15. Na3
Qb6 16. Ne5 a4 17. Rb1 axb3 18. Rxb3 Nb4 19. Nec4 Bxc4 20. Nxc4 Qa7 21. Rb2
Rfb8 22. Qf2 Nc6 23. Rfb1 Rxb2 24. Rxb2 Qa1+ 25. Qf1 Nb4 26. h3 Qxf1+ 27. Kxf1
g6 28. g4 Kg7 29. Bf3 Ra1+ 30. Kf2 Nd7 31. g5 h6 32. gxh6+ Kxh6 33. f5+ Kg7 34.
fxe6 fxe6 35. e5 Bh4+ 36. Ke2 Bg3 37. Bg4 Nxe5 38. Nxe5 Bxe5 39. Bxe6 Bd6 40.
c3 Na6 41. Bc8 Nc7 42. c4 Rg1 43. Rb6 Rg2+ 44. Kd1 Be7 45. Rb7 Bd6 46. Ba5 Rg1+
47. Ke2 Rg2+ 48. Kf1 Rg3 49. Bxc7 Bxc7 50. Rxc7+ Kh6 51. Rxc5 Rxd3 52. Rd5 Rf3+
53. Ke2 Re3+ 54. Kd2 Re8 55. Bg4 Re4 56. Kd3 Re1 57. Kxd4 Rc1 58. c5 Kg7 59.
Rd7+ Kf6 60. Rc7 Rd1+ 1-0

[Event "XII Open A"]
[Site "Bergamo ITA"]
[Date "2013.07.21"]
[Round "5"]
[White "Cattaneo, Marco"]
[Black "Buiano, Fabio"]
[WhiteElo "2079"]
[BlackElo "2029"]
[Result "1-0"]
[PlyCount "43"]
[EventDate "2013.07.19"]

1. d4 Nf6 2. c4 Nc6 3. Nf3 e6 4. a3 Be7 5. Nc3 d6 6. e4 e5 7. d5 Nb8 8. Be2
Nbd7 9. b4 a5 10. Bd2 Nf8 11. c5 dxc5 12. bxc5 Bxc5 13. Nxe5 N8d7 14. Nd3 Bd4
15. Qa4 Bxc3 16. Bxc3 O-O 17. O-O Re8 18. Bf3 Nf8 19. e5 b5 20. Qd4 c5 21. Nxc5
b4 22. axb4 1-0

[Event "XII Open A"]
[Site "Bergamo ITA"]
[Date "2013.07.21"]
[Round "5"]
[White "Ficco, Corrado"]
[Black "Elitropi, Giorgio"]
[WhiteElo "2092"]
[BlackElo "2005"]
[Result "1-0"]
[PlyCount "83"]
[EventDate "2013.07.19"]

1. c4 f5 2. Nc3 Nf6 3. g3 g6 4. Bg2 Bg7 5. d3 d6 6. e4 c6 7. Nge2 O-O 8. O-O
Na6 9. Rb1 e5 10. Bg5 h6 11. Bxf6 Qxf6 12. f4 exf4 13. Nxf4 Qd4+ 14. Kh1 Kh7
15. Nce2 Qe5 16. b4 Qe8 17. Bf3 Be5 18. Qd2 fxe4 19. Bxe4 Bf5 20. Bxf5 Rxf5 21.
Ng2 Rxf1+ 22. Rxf1 Qe7 23. a3 Rf8 24. Rxf8 Qxf8 25. Kg1 Nc7 26. d4 Bg7 27. Qd3
Qf6 28. Ngf4 d5 29. cxd5 Nxd5 30. Nxd5 cxd5 31. Kg2 Qb6 32. Nf4 Qxd4 33. Qxg6+
Kg8 34. Qe8+ Kh7 35. Qg6+ Kg8 36. Qe6+ Kh7 37. Qxd5 Qb2+ 38. Kh3 b6 39. Qe4+
Kg8 40. Qa8+ Kh7 41. Qxa7 Qf6 42. Qd7 1-0

[Event "XII Open A"]
[Site "Bergamo ITA"]
[Date "2013.07.21"]
[Round "5"]
[White "Gagliardi, Christian"]
[Black "Hera, Imre jr"]
[WhiteElo "2215"]
[BlackElo "2558"]
[Result "0-1"]
[PlyCount "76"]
[EventDate "2013.07.19"]

1. e4 c6 2. d4 d5 3. exd5 cxd5 4. Bd3 Nc6 5. c3 Nf6 6. Bf4 Bg4 7. Qb3 Qc8 8.
Nd2 e6 9. Ngf3 Be7 10. O-O Bh5 11. Rfe1 Bg6 12. Bxg6 hxg6 13. h3 O-O 14. Ne5
Nxe5 15. Bxe5 Qc6 16. a4 a6 17. a5 Rfc8 18. Rec1 Nd7 19. Bf4 g5 20. Be3 b5 21.
Qd1 b4 22. c4 dxc4 23. Nxc4 Qb5 24. b3 Rc6 25. Qh5 Rac8 26. Rd1 Nf6 27. Qxg5
Nd5 28. Qg4 Rxc4 29. bxc4 Rxc4 30. Bg5 Bf8 31. Bd2 e5 32. Be1 Nc3 33. Bxc3 bxc3
34. Qe4 c2 35. Rdc1 Qb2 36. Qxe5 Ra4 37. Qe1 Rxa1 38. Rxa1 Ba3 0-1

[Event "XII Open A"]
[Site "Bergamo ITA"]
[Date "2013.07.21"]
[Round "5"]
[White "Godena, Michele"]
[Black "Negro, Roberto"]
[WhiteElo "2524"]
[BlackElo "2185"]
[Result "1-0"]
[PlyCount "55"]
[EventDate "2013.07.19"]

1. e4 d6 2. d4 Nf6 3. Bd3 g6 4. Nf3 Bg7 5. O-O O-O 6. c3 c5 7. h3 cxd4 8. cxd4
d5 9. e5 Ne8 10. Nc3 Nc7 11. Be3 Nc6 12. Qd2 Be6 13. Rac1 Qe8 14. Rfe1 Rc8 15.
Ne2 Bd7 16. Bc2 Kh8 17. Bb3 Rg8 18. Nf4 e6 19. h4 Qf8 20. h5 Qb4 21. Qd3 Qb5
22. Qb1 Bf8 23. Ng5 Be8 24. hxg6 hxg6 25. Nh5 Nb4 26. Rc3 Rg7 27. Nf6 Be7 28.
Bf4 1-0

[Event "XII Open A"]
[Site "Bergamo ITA"]
[Date "2013.07.21"]
[Round "5"]
[White "Guerra, Alessandro"]
[Black "Solodovnichenko, Yuri"]
[WhiteElo "2212"]
[BlackElo "2555"]
[Result "0-1"]
[PlyCount "71"]
[EventDate "2013.07.19"]

1. d4 Nf6 2. Nf3 c5 3. d5 b5 4. a4 b4 5. c4 d6 6. Nbd2 g6 7. e4 Bg7 8. g3 e5 9.
Bg2 O-O 10. O-O Nbd7 11. Re1 Ne8 12. Nf1 a5 13. h4 Ndf6 14. N3h2 Ra7 15. Bd2
Kh8 16. b3 Ng8 17. h5 gxh5 18. Qxh5 f5 19. exf5 Bxf5 20. Ra2 Raf7 21. Bg5 Bf6
22. Bxf6+ Rxf6 23. Ng4 Ng7 24. Qh4 Bxg4 25. Qxg4 Nf5 26. Qd1 Nd4 27. Nh2 Nh6
28. Be4 Qd7 29. Re3 Qf7 30. Qf1 Qh5 31. Rd2 Nf7 32. g4 Qg5 33. Qd3 Rh6 34. f3
Qf4 35. Rg2 Ng5 36. Re1 0-1

[Event "XII Open A"]
[Site "Bergamo ITA"]
[Date "2013.07.21"]
[Round "5"]
[White "Ivanisevic, Ivan"]
[Black "Georgiev, Kiril D."]
[WhiteElo "2649"]
[BlackElo "2636"]
[Result "1/2-1/2"]
[PlyCount "27"]
[EventDate "2013.07.19"]

1. e4 c5 2. Nc3 Nc6 3. g3 g6 4. Bg2 Bg7 5. d3 d6 6. Nge2 e5 7. a3 Nge7 8. Rb1
O-O 9. b4 b6 10. O-O Rb8 11. Bd2 Be6 12. Nd5 Nd4 13. bxc5 dxc5 14. c4 1/2-1/2

[Event "XII Open A"]
[Site "Bergamo ITA"]
[Date "2013.07.21"]
[Round "5"]
[White "Kupresakovic, Marko"]
[Black "Siclari, Giovanni"]
[WhiteElo "1926"]
[BlackElo "2054"]
[Result "0-1"]
[PlyCount "56"]
[EventDate "2013.07.19"]

1. d4 Nf6 2. c4 e6 3. Nc3 Bb4 4. Bg5 h6 5. Bd2 b6 6. a3 Bxc3 7. Bxc3 Bb7 8. Nf3
O-O 9. e3 d5 10. b3 Nbd7 11. Bd3 c5 12. O-O Rc8 13. cxd5 Nxd5 14. Bb2 Qe7 15.
Rc1 cxd4 16. exd4 Nf4 17. Re1 Nxd3 18. Qxd3 Nf6 19. h3 Nd5 20. g3 Qd6 21. Ne5
Ne7 22. Kh2 Qd5 23. Rg1 Rxc1 24. Bxc1 Nf5 25. Be3 Rd8 26. Qc3 Rc8 27. Qb4 Nxe3
28. Qe7 Ng4+ 0-1

[Event "XII Open A"]
[Site "Bergamo ITA"]
[Date "2013.07.21"]
[Round "5"]
[White "Maurer, Jochen"]
[Black "Castrogiovanni, Carlo"]
[WhiteElo "2293"]
[BlackElo "2014"]
[Result "1-0"]
[PlyCount "66"]
[EventDate "2013.07.19"]

1. e4 c5 2. Nf3 a6 3. c3 d5 4. exd5 Qxd5 5. d4 Nf6 6. Be3 cxd4 7. cxd4 e6 8.
Nc3 Qd6 9. Bd3 Nc6 10. a3 Be7 11. O-O b5 12. Rc1 Bb7 13. Ne4 Nxe4 14. Bxe4 f5
15. Bxc6+ Bxc6 16. Ne5 Bd5 17. Qh5+ g6 18. Nxg6 Rg8 19. Ne5+ Kd8 20. f3 Qb6 21.
Qxh7 Re8 22. Rfd1 Ra7 23. Qg6 Rc7 24. Rxc7 Qxc7 25. Rc1 Qb6 26. Rc8+ Kxc8 27.
Qxe8+ Qd8 28. Qxd8+ Kxd8 29. Bf4 Ke8 30. Bd2 Bf6 31. Kf2 Ke7 32. Ke3 Bg7 33. b4
Kd6 1-0

[Event "XII Open A"]
[Site "Bergamo ITA"]
[Date "2013.07.21"]
[Round "5"]
[White "Messina, Enrico"]
[Black "Ganci, Stefano"]
[WhiteElo "2247"]
[BlackElo "1947"]
[Result "1-0"]
[PlyCount "127"]
[EventDate "2013.07.19"]

1. e4 b6 2. d4 Bb7 3. Nc3 e6 4. Nf3 Nf6 5. Bd3 Bb4 6. Qe2 d5 7. e5 Ne4 8. O-O
Nxc3 9. bxc3 Bxc3 10. Rb1 Nc6 11. Qe3 Bb4 12. Rd1 Be7 13. c3 Na5 14. Nd2 c5 15.
Qg3 g6 16. dxc5 Bxc5 17. Ne4 Qc7 18. Nd6+ Bxd6 19. exd6 Qd7 20. Bg5 Bc6 21. Bf6
Rg8 22. Rb4 Nb7 23. Be7 f5 24. Rh4 Nxd6 25. Qxd6 Rg7 26. Qxd7+ Kxd7 27. Bf6 Rf7
28. Be5 g5 29. Rh6 Ke7 30. Re1 Bd7 31. c4 Kf8 32. f3 Rc8 33. cxd5 exd5 34. Bd4
Rc6 35. Rxc6 Bxc6 36. Re5 Bd7 37. Kf2 Re7 38. Rxd5 Be6 39. Rd8+ Kf7 40. a3 Rd7
41. Rxd7+ Bxd7 42. Bc4+ Kg6 43. g3 Bc6 44. Ke3 b5 45. Be6 a5 46. Bc3 b4 47.
axb4 axb4 48. Bxb4 Bb7 49. Be7 Bc6 50. Bc4 h6 51. Bd3 Kf7 52. Bb4 Bd7 53. Bc3
Bc8 54. Kd4 Bb7 55. Bc4+ Kf6 56. Bd5 Ba6 57. Kc5+ Kg6 58. Kd6 Bd3 59. Kd7 Be2
60. f4 g4 61. Ke6 Bd3 62. Ke7 Bc2 63. Bf7+ Kh7 64. Kf6 1-0